| 000 | 00386nam a2200145Ia 4500 | ||
|---|---|---|---|
| 008 | 161229s9999 xx 000 0 und d | ||
| 020 | _a8186104798 | ||
| 082 | _a658 AND/RE | ||
| 100 | _aAnderson, Alan H | ||
| 245 | _aResult oriented enterprise and change management | ||
| 260 |
_bBeacon books _aNew Delhi _c1998 |
||
| 300 | _axxxii, 214 | ||
| 700 | _aBarker, Dennis | ||
| 942 | _cBK | ||
| 999 |
_c152448 _d152448 |
||